[Event "Vienna Husek op-C"]
[Site "Vienna"]
[Date "2012.08.17"]
[Round "5"]
[White "Zidek, Leopold"]
[Black "Steiner, Helmut"]
[Result "0-1"]
[WhiteElo "1240"]
[BlackElo "1552"]
[PlyCount "78"]
[EventDate "2012.08.13"]
[EventType "swiss"]
[EventRounds "7"]
[EventCountry "AUT"]
[SourceTitle "EXT 2014"]
[Source "ChessBase"]
[SourceDate "2013.11.20"]
[SourceVersion "1"]
[SourceVersionDate "2013.11.20"]
[SourceQuality "1"]

1. d4 Nf6 2. c3 d5 3. Bf4 e6 4. Nd2 Nbd7 5. Ngf3 c5 6. e3 a6 7. Be2 b5 8. 0-0 Bb7 9. Bg5 c4 10. Ne5 Be7 11. f4 h6 12. Bxf6 Nxf6 13. Rf3 Nd7 14. Qf1 0-0 15. Rh3 Nxe5 16. fxe5 Bc6 17. Qf3 Bg5 18. Qg4 Bd7 19. Rf1 f5 20. exf6 e5 21. f7+ Rxf7 22. Qh5 Rxf1+ 23. Bxf1 Bxh3 24. Qxh3 Qe7 25. Qf3 Qe6 26. Be2 Rf8 27. Qg3 exd4 28. Nf1 Bxe3+ 29. Nxe3 Qxe3+ 30. Qxe3 dxe3 31. Bf3 Rf5 32. Kf1 Re5 33. Ke2 Kf8 34. g3 h5 35. h3 Ke7 36. g4 hxg4 37. Bxg4 Kd6 38. Bc8 a5 39. Kf3 e2 0-1

[Event "Vienna Husek op-C"]
[Site "Vienna"]
[Date "2012.08.15"]
[Round "3"]
[White "Zidek, Leopold"]
[Black "Strassmair, Christian"]
[Result "1-0"]
[WhiteElo "1240"]
[BlackElo "1527"]
[PlyCount "58"]
[EventDate "2012.08.13"]
[EventType "swiss"]
[EventRounds "7"]
[EventCountry "AUT"]
[SourceTitle "EXT 2014"]
[Source "ChessBase"]
[SourceDate "2013.11.20"]
[SourceVersion "1"]
[SourceVersionDate "2013.11.20"]
[SourceQuality "1"]

1. d4 d5 2. c3 Nf6 3. Bf4 e6 4. Nd2 Nbd7 5. Ngf3 c5 6. e3 cxd4 7. exd4 Be7 8. Bd3 0-0 9. 0-0 a6 10. Qc2 g6 11. Rac1 b5 12. b4 Qb6 13. Nb3 Bb7 14. Nc5 Nxc5 15. bxc5 Qd8 16. Ne5 Nh5 17. Bh6 Ng7 18. c6 Bc8 19. f4 Ra7 20. Rf3 Re8 21. Rg3 Nf5 22. Bxf5 exf5 23. Qe2 f6 24. Nxg6 hxg6 25. Rxg6+ Kh8 26. Bg7+ Kg8 27. Bxf6+ Kf7 28. Rg7+ Kf8 29. Qh5 Bxf6 1-0

[Event "Vienna State-chC"]
[Site "Vienna"]
[Date "2011.09.17"]
[Round "8"]
[White "Zidek, Leopold"]
[Black "Zehentner, Franz"]
[Result "0-1"]
[WhiteElo "1318"]
[BlackElo "1529"]
[PlyCount "86"]
[EventDate "2011.09.10"]
[EventType "swiss"]
[EventRounds "9"]
[EventCountry "AUT"]
[SourceTitle "EXT 2013"]
[Source "ChessBase"]
[SourceDate "2012.11.22"]
[SourceVersion "1"]
[SourceVersionDate "2012.11.22"]
[SourceQuality "1"]

1. d4 d5 2. c3 Nc6 3. Bf4 e6 4. Nd2 Bd6 5. Bg3 Nf6 6. Qc2 e5 7. dxe5 Bxe5 8. f4 Bd6 9. Ngf3 Ne7 10. e4 dxe4 11. Nxe4 Nxe4 12. Qxe4 Bf5 13. Qa4+ c6 14. Rd1 Qc7 15. Qd4 Rd8 16. Qxg7 Rg8 17. Qd4 Qb6 18. Qxb6 axb6 19. Nd4 Bc5 20. Bf2 Bxd4 21. Rxd4 c5 22. Rxd8+ Kxd8 23. Bh4 Kd7 24. Bb5+ Nc6 25. Kf2 Be4 26. Rd1+ Kc7 27. g3 Bf5 28. b3 Na7 29. Bc4 Be6 30. Bxe6 fxe6 31. c4 Nc6 32. Rd2 Rf8 33. Ke3 e5 34. Rd5 exf4+ 35. gxf4 Re8+ 36. Kf3 Ra8 37. a4 Nd4+ 38. Ke4 Nxb3 39. Rh5 Rxa4 40. Rxh7+ Kb8 41. Kd5 Nd2 42. Rh8+ Ka7 43. Be7 Rxc4 0-1

[Event "Vienna State-chC"]
[Site "Vienna"]
[Date "2011.09.10"]
[Round "1"]
[White "Bugl, Mario"]
[Black "Zidek, Leopold"]
[Result "1/2-1/2"]
[WhiteElo "1619"]
[BlackElo "1318"]
[PlyCount "85"]
[EventDate "2011.09.10"]
[EventType "swiss"]
[EventRounds "9"]
[EventCountry "AUT"]
[SourceTitle "EXT 2013"]
[Source "ChessBase"]
[SourceDate "2012.11.22"]
[SourceVersion "1"]
[SourceVersionDate "2012.11.22"]
[SourceQuality "1"]

1. d4 f5 2. c4 Nf6 3. Nc3 g6 4. Nf3 Bg7 5. e3 d6 6. Be2 0-0 7. Qb3 e6 8. 0-0 Nc6 9. Rd1 Ne4 10. Nxe4 fxe4 11. Nd2 d5 12. Rf1 a5 13. Bg4 a4 14. Qc2 Qg5 15. cxd5 Qxd5 16. Qc5 Qxc5 17. dxc5 Ne5 18. Be2 Nd3 19. Nxe4 Nxc1 20. Raxc1 Bxb2 21. Rc2 a3 22. Bc4 h6 23. Nc3 Ra5 24. Nb5 c6 25. Nd6 Kg7 26. Bb3 Kf6 27. Rd1 Be5 28. Ne4+ Ke7 29. f4 Bc7 30. h3 Rd8 31. Rxd8 Bxd8 32. Nd6 Ra8 33. Rc4 Bc7 34. Nxc8+ Rxc8 35. Re4 Kf8 36. Rxe6 Re8 37. Rf6+ Ke7 38. Rxg6 Kd8 39. Re6 Rh8 40. Rg6 Re8 41. Rg8 Rxg8 42. Bxg8 Ke7 43. Kf2 1/2-1/2